00857nam a2200193 a 450000100100000000500170001000800410002704000250006808200210009310000360011424000560015024500940020626000920030030000280039265000530042065000430047395201320051699900150064800000109520200929145457.0860606s1984 pe a b 000 0 spa  aDO-SdBNPbspacBNPHU a332.04298bG873i1 aGriffith-Jones, Stephany.9374510aInternational finance and Latin America.lEspañol10aFinanzas internacionales y Latinoamérica :bpasado y futuro /cStephany Griffith-Jones. aLima :bAsociación Latinoamericana de Instituciones Financieras de Desarrollo,c1984. a194 p. :bil. ;c24 cm. 4aFinanzas internacionaleszAmérica Latina93746 4aDeudas externazAmérica Latina93747 001052758DSaBNPHUbBNPHUcCTd2009-09-03iLF1l0o332.04298 G873ip1095-10r2020-06-25w2020-06-25yLF1ZPréstamo interno c1054d1054